Here and there : Owl and Penguin/ Vikram Madan.
Owl and Penguin want to make a pizza. But they can’t agree on how to toss the dough. Owl can do it better . . . no, Penguin can do it best! Hmmm, maybe they should just get takeout. Sometimes friends disagree. Though Owl and Penguin are opposites, they like to solve their conflicts with creative play. From making snow creatures to hiking a mountain, there’s nothing these pals can’t get through together. In three nearly wordless stories, expressive art leads the storytelling, supplemented by simple text captions and emoticon-style images in speech bubbles. This innovative format supports visual literacy and sight word recognition for the earliest independent readers. With warm humor and a joyful palette, it’s perfect for kids to giggle over on their own.
Record details
- ISBN: 9780823457120
- ISBN: 0823457125
- Physical Description: 1 volume (unpaged) : color illustrations ; 24 cm.
- Edition: First edition.
- Publisher: New York : Holiday House, [2024]
Content descriptions
| Target Audience Note: | Ages 4-8. Holiday House. |
| Awards Note: | "Theodor Seuss Geisel Honor winner"--Cover. |
Search for related items by subject
| Genre: | Comics (Graphic works) Graphic novels. Animal comics. Readers (Publications) |
Search for related items by series
Available copies
- 1 of 1 copy available at scottsboropl.
Holds
- 0 current holds with 1 total copy.
Show Only Available Copies
| Location | Call Number / Copy Notes | Barcode | Shelving Location | Status | Due Date |
|---|---|---|---|---|---|
| scottsboropl | BR Mad | 32269001276321 | Juvenile - Beginning Reader | Available | - |
| LDR | 02485cam a22006498i 4500 | ||
|---|---|---|---|
| 001 | 165781 | ||
| 003 | SBPL | ||
| 005 | 20250506153141.0 | ||
| 008 | 240313t20242024nyua b 6 000 1 eng | ||
| 010 | . | ‡a 2023054533 | |
| 020 | . | ‡a9780823457120 ‡q(hardcover) | |
| 020 | . | ‡a0823457125 ‡q(hardcover) | |
| 035 | . | ‡a(OCoLC)1426294531 ‡z(OCoLC)1468164135 | |
| 050 | 0 | 0. | ‡aPZ7.7.M3318 ‡bOwh 2024 |
| 082 | 0 | 0. | ‡a741.5/973 ‡223/eng/20240313 |
| 100 | 1 | . | ‡aMadan, Vikram,: ‡eauthor,: ‡eillustrator. |
| 245 | 1 | 0. | ‡aHere and there : ‡bOwl and Penguin/ ‡cVikram Madan. |
| 246 | 3 | . | ‡aOwl and Penguin. ‡pHere and there |
| 246 | 3 | . | ‡aHere & there |
| 250 | . | ‡aFirst edition. | |
| 264 | 1. | ‡aNew York : ‡bHoliday House, ‡c[2024] | |
| 300 | . | ‡a1 volume (unpaged) : ‡bcolor illustrations ; ‡c24 cm. | |
| 336 | . | ‡atext ‡btxt ‡2rdacontent | |
| 336 | . | ‡astill image ‡bsti ‡2rdacontent | |
| 337 | . | ‡aunmediated ‡bn ‡2rdamedia | |
| 338 | . | ‡avolume ‡bnc ‡2rdacarrier | |
| 490 | 1 | . | ‡aOwl and Penguin : ‡vBk 3 |
| 490 | 1 | . | ‡aI like to read comics |
| 520 | . | ‡aOwl and Penguin want to make a pizza. But they can’t agree on how to toss the dough. Owl can do it better . . . no, Penguin can do it best! Hmmm, maybe they should just get takeout. Sometimes friends disagree. Though Owl and Penguin are opposites, they like to solve their conflicts with creative play. From making snow creatures to hiking a mountain, there’s nothing these pals can’t get through together. In three nearly wordless stories, expressive art leads the storytelling, supplemented by simple text captions and emoticon-style images in speech bubbles. This innovative format supports visual literacy and sight word recognition for the earliest independent readers. With warm humor and a joyful palette, it’s perfect for kids to giggle over on their own. | |
| 521 | . | ‡aAges 4-8. ‡bHoliday House. | |
| 586 | . | ‡a"Theodor Seuss Geisel Honor winner"--Cover. | |
| 650 | 0. | ‡aOwls ‡vComic books, strips, etc. ‡vJuvenile fiction. | |
| 650 | 0. | ‡aPenguins ‡vComic books, strips, etc. ‡vJuvenile fiction. | |
| 650 | 0. | ‡aFriendship ‡vComic books, strips, etc. ‡vJuvenile fiction. | |
| 650 | 0. | ‡aIndividual differences ‡vComic books, strips, etc. ‡vJuvenile fiction. | |
| 655 | 7. | ‡aComics (Graphic works) ‡2lcgft | |
| 655 | 7. | ‡aGraphic novels. ‡2lcgft | |
| 655 | 7. | ‡aAnimal comics. ‡2lcgft | |
| 655 | 7. | ‡aReaders (Publications) ‡2lcgft | |
| 710 | 2 | . | ‡aHoliday House (Firm),: ‡epublisher. |
| 800 | 1 | . | ‡aMadan, Vikram. ‡tOwl and Penguin (Series): ‡vBk 3 |
| 830 | 0. | ‡aI like to read comics. | |
| 901 | . | ‡a165781 ‡bAUTOGEN ‡c165781 ‡tbiblio | |